|
|
|
|
| LEADER |
00000nam2a2200000 4500 |
| 001 |
125785 |
| 005 |
20231101215943.0 |
| 035 |
|
|
|a (RuTPU)RU\TPU\book\136098
|
| 035 |
|
|
|a RU\TPU\book\351742
|
| 090 |
|
|
|a 125785
|
| 100 |
|
|
|a 20161219d1973 k y0rusy50 ca
|
| 101 |
0 |
|
|a rus
|
| 102 |
|
|
|a UA
|
| 105 |
|
|
|a a z 001zy
|
| 200 |
0 |
|
|a № 2
|f под ред. Е. К. Лазаренко
|
| 210 |
|
|
|d 1973
|
| 215 |
|
|
|a 130 с.
|c ил.
|
| 320 |
|
|
|a Библиография в конце статей
|
| 461 |
|
1 |
|0 (RuTPU)RU\TPU\book\337518
|t Материалы комиссии минералогии и геохимии
|o сборник статей
|f Международный геологический конгресс, Карпато-Балканская геологическая ассоциация
|v № 2
|d 1973-1979
|
| 606 |
1 |
|
|a Минералогия
|2 stltpush
|3 (RuTPU)RU\TPU\subj\43907
|9 63333
|
| 606 |
1 |
|
|a Геохимия
|2 stltpush
|3 (RuTPU)RU\TPU\subj\6296
|9 34219
|
| 610 |
1 |
|
|a Карпато-Балканский регион
|
| 610 |
1 |
|
|a минералогические исследования
|
| 610 |
1 |
|
|a Карпаты
|
| 610 |
1 |
|
|a Балканы
|
| 610 |
1 |
|
|a минералы
|
| 610 |
1 |
|
|a металлогения
|
| 610 |
1 |
|
|a карты
|
| 675 |
|
|
|a 549
|v 4
|
| 675 |
|
|
|a 550.4
|v 4
|
| 702 |
|
1 |
|a Лазаренко
|b Е. К.
|4 340
|
| 801 |
|
0 |
|a RU
|b RuMRKP
|c 19950417
|g psbo
|
| 801 |
|
1 |
|a RU
|b 63413507
|c 20071120
|g PSBO
|
| 801 |
|
2 |
|a RU
|b 63413507
|c 20210416
|g PSBO
|
| 942 |
|
|
|c BK
|